Rural resource development (Record no. 80282)

MARC details
000 -LEADER
fixed length control field 00976nam a2200241 a 4500
008 - FIXED-LENGTH DATA ELEMENTS--GENERAL INFORMATION
fixed length control field 120416s1978 ||||||||||||||||| || u
020 ## - INTERNATIONAL STANDARD BOOK NUMBER
International Standard Book Number 0416707300
050 ## - LIBRARY OF CONGRESS CALL NUMBER
Classification number HD 596 Whi
100 ## - MAIN ENTRY--PERSONAL NAME
Personal name Whitby, Martin Charles
245 10 - TITLE STATEMENT
Title Rural resource development
246 ## -
-- an economic approach
250 ## - EDITION STATEMENT
Edition statement 2nd ed. / [by] M. C. Whitby and K. G. Willis.
260 ## - PUBLICATION, DISTRIBUTION, ETC.
Place of publication, distribution, etc. London
Name of publisher, distributor, etc. Methuen
Date of publication, distribution, etc. 1978
300 ## - PHYSICAL DESCRIPTION
Extent vii, 303p. : ill.
350 ## -
-- 0.00
500 ## - GENERAL NOTE
General note Bibliography: p. [282]-297.
650 ## - SUBJECT ADDED ENTRY--TOPICAL TERM
Topical term or geographic name entry element Land use, Rural--Planning--Great Britain
650 ## - SUBJECT ADDED ENTRY--TOPICAL TERM
Topical term or geographic name entry element RURAL DEVELOPMENT--GREAT BRITAIN
650 ## - SUBJECT ADDED ENTRY--TOPICAL TERM
Topical term or geographic name entry element LAND
700 ## - ADDED ENTRY--PERSONAL NAME
Personal name Willis, K. G. (Kenneth George)
995 ## -
-- ANNEX COLLECTION (Main Library)
-- 0.00
-- 706319
-- CBU-MAIN LIBRARY (Kitwe)
-- 2
-- 14.95
-- HD 596 Whi
-- 1
-- AVAILABLE
-- 004753
-- Annex Low-Usage Collection
995 ## -
-- ANNEX COLLECTION (Main Library)
-- 0.00
-- 708852
-- CBU-MAIN LIBRARY (Kitwe)
-- 1
-- 14.95
-- HD 596 Whi
-- 2
-- AVAILABLE
-- 004754
-- Annex Low-Usage Collection
999 ## -
-- 80282
-- 80282
Holdings
Withdrawn status Lost status Source of classification or shelving scheme Damaged status Not for loan Permanent Location Current Location Date acquired Full call number Barcode Date last seen Copy number Price effective from Koha item type Shelving location Total Checkouts
Withdrawn         CBU-MAIN LIBRARY, KITWE. CBU-MAIN LIBRARY, KITWE. 06/29/2023 HD 596 Whi 004753 06/29/2023 1 06/29/2023 MONOGRAPH    
          CBU-MAIN LIBRARY, KITWE. CBU-MAIN LIBRARY, KITWE. 06/29/2023 HD 596 Whi 004754 06/29/2023 2 06/29/2023 MONOGRAPH